Top 20 Widest Constellations by area - Statistics

General Stats
  • This quiz has been taken 145 times
  • The average score is 12 of 20
Answer Stats
Area (sq. deg.) Answer % Correct
1279.660 Ursa Major
86%
1302.844 Hydra
76%
946.964 Leo
72%
889.417 Pisces
69%
1294.428 Virgo
68%
1082.952 Draco
67%
1120.794 Pegasus
67%
979.854 Aquarius
66%
722.278 Andromeda
64%
797.249 Taurus
63%
867.432 Sagittarius
60%
1137.919 Eridanus
54%
1225.148 Hercules
54%
906.831 Boötes
51%
1060.422 Centaurus
49%
803.983 Cygnus
49%
1231.411 Cetus
46%
948.340 Ophiuchus
41%
673.434 Puppis
28%
756.828 Camelopardalis
27%
No matching quizzes found
Score Distribution
Percent of People with Each Score
Percentile by Number Answered
Your Score History
You have not taken this quiz